000 00707nam a2200217Ia 4500
005 20241129105909.0
008 241129s9999||||xx |||||||||||||| ||und||
020 _a978-81-944845-6-1
037 _aTB
040 _aARTS
_bhin
_cARTS
041 _ahin
_2hin
084 _aO152,3N1511:g R1
_qARTS
100 _aपल्लव, संपा.
245 0 _aकथा शिखर भीष्म साहनी
_cपल्लव, संपा.
260 _aनई दिल्ली, भारत
_bकौटिल्य बुक्स
_c2023
300 _a377पृ0
365 _aINR
_b750
650 _aHindi Fiction
942 _cTB
_hO152,3N1511:g R1
999 _c1226490
_d1226490